| 000 | 01139nam a22002537a 4500 | ||
|---|---|---|---|
| 020 | _a9780345350688 | ||
| 040 | _cPAK-NSHSNUST | ||
| 082 |
_a320.546092 _bX |
||
| 100 | 1 | 0 |
_aX, Malcolm, _d1925-1965 _993751 |
| 245 | 4 |
_aThe autobiography of Malcolm X / _cwith the assistance of Alex Haley foreword by Attallah Shabazz introduction by M. S. handler epilogue by Alex Halay. |
|
| 260 |
_a New York : _bBallantine Books , _c2015. |
||
| 300 |
_axxv; 466 pages : _c17 cm |
||
| 500 | _a" A great book... its dead level honesty, its passion, its exalted purpose, will make it stand as a monument to the most painful truth." -- The Nation | ||
| 500 | _a"The book will have a permanent place in the literature of the Afro- American." -- I. F. Stone | ||
| 546 | _aIn English. | ||
| 600 | 1 | 0 |
_aX, Malcolm, _d1925-1965 _993751 |
| 650 | 0 |
_aBlack Muslims _vBiography. _993752 |
|
| 650 | 1 |
_aBlack Muslims. _9126111 |
|
| 650 | 0 |
_aAfrican Americans _vBiography _993756 |
|
| 700 | 1 |
_aShabazz, Attallah _9126108 |
|
| 700 | 1 |
_aHaley, Alex _9125898 |
|
| 942 |
_2ddc _cBK |
||
| 999 |
_c611543 _d611543 |
||